00469nam a2200181 a 450000100060000000300090000600800410001502000150005604000280007108200170009910000280011624500380014426000340018230000110021665000130022765000360024065000110027614018CO-ViMGA141112s2004 ck r 000 u spa d a8487520138 aCO-ViMGAbspacCO-ViMGA04a372.86 C154c1 aCañizares M., Jose M.10a400 ejercicios y juegos con conos aSevilla : bWanceulen, c1993 a135.p.14aDEPORTES14aeducación FISICA PARA NIÑOS14aJUEGOS